Statistics for Unique things, animals, people, places

Click here to take the quiz!

General Stats

  • This quiz has been taken 33 times
  • The average score is 7 of 30

Answer Stats

Hint Answer % Correct
CountriesThe only country beginning with the letter YYemen
91%
CountriesThe only country with an emperorJapan
73%
StatesThe only state to have hosted summer & winter olympicsCalifornia
67%
CountriesThe only sovereign grand-duchyLuxembourg
64%
US PresidentsThe only president to resignRichard Nixon
64%
AnimalsThe only bird that can fly backwardsHummingbird
64%
US PresidentsThe only president to serve two non-consecutive termsGrover Cleveland
36%
AnimalsThe only cat that can't retract its clawsCheetah
27%
WomenThe only woman in Wacky RacesPenelope Pitstop
27%
AnimalsThe only animal that shows the white of its eyesHuman
27%
CountriesThe only country without an official capitalNauru
24%
PopesThe only pope who was also a physicianJohn XXI
18%
StatesThe only state with no laws requiring drivers to wear seatbeltsNew Hampshire
18%
StatesThe only state with an active diamond mineArkansas
18%
AnimalsThe only insect that can turn its headPraying Mantis
18%
PopesThe only female popeJoan
15%
US PresidentsThe only president to also serve on the Supreme CourtWilliam Howard Taft
15%
PopesThe only pope from EnglandAdrian IV
12%
AnimalsThe only penguin that lives in the northern hemisphereGalapagos Penguin
12%
StatesThe only state with a unicameral legislatureNebraska
12%
WomenThe only woman to become emperor of AustriaMaria Theresa
9%
StatesThe only Civil Law stateLouisiana
9%
WomenThe only woman to become emperor of ChinaWu Zetian
9%
US PresidentsThe only president to pay off the national debtAndrew Jackson
6%
US PresidentsThe only president to serve in the senate after his presidencyAndrew Johnson
6%
CountriesThe only country that legally permits the execution of pregnant womenSaint Kitts and Nevis
3%
WomenThe only woman to become official ruler of RomeUlpia Severina
3%
PopesThe only pope to be crowned north of the alpsClement II
0%
WomenThe Medal of HonorMary Edwards Walker
0%
PopesThe only pope to be crowned twiceCelestine V
0%

Score Distribution

Percentile by Number Answered

Percent of People with Each Score

Your Score History

You have not taken this quiz